000 00500cam a22002054a 4500
005 20250605164322.0
008 250528s ||||||||||||||||||||||||d
035 _a22946
020 _a9780787908218
040 _aGR-AtMCL
_bgre
_dGR-AtMCL
_eAACR2
245 1 _aREFRAMING ORGANIZATIONS
250 _a2
260 _bJossey-Bass Publishers,
_c1997
300 _a424
700 1 _aBolman Lee G.
_92758
700 1 _aDeal Terrence E
_92759
942 _cBK
999 _c7988
_d7988